El Catalanisme d'esquerres / P. Anguera ... [et al.]
ISBN:
84-920161-3-2
Descripción Física:
241 p. ; 21 cm
Colección:
Quaderns del cercle ; 13
MARC
| LEADER | 00000nam a2200000Ia 4500 | ||
|---|---|---|---|
| 001 | 19981 | ||
| 008 | 160829s1997 xx 000 0 cat d | ||
| 020 | |a 84-920161-3-2 | ||
| 080 | |a M-5-512 | ||
| 245 | |a El Catalanisme d'esquerres / P. Anguera ... [et al.] | ||
| 260 | |a Girona : |b Cercle d'Estudis Històrics i Socials, |c 1997 | ||
| 300 | |a 241 p. ; |c 21 cm | ||
| 490 | |a Quaderns del cercle ; 13 | ||
| 650 | |a Partits d'esquerra |x Catalunya |9 44223 | ||
| 650 | |a Federalisme |x Catalunya |9 44224 | ||
| 650 | |a Republicanisme |x Catalunya I |9 44225 | ||
| 650 | 0 | |a Nacionalisme |z Catalunya |9 11008 | |
| 651 | 0 | |a Catalunya |x Història |x Autonomia i moviments independentistes |9 53832 | |
| 700 | |a Anguera, Pere |9 44221 | ||
| 700 | |a Cercle d'Estudis Històrics i Socials de Girona |9 44222 | ||
| 901 | |a Arxiu | ||
| 942 | |n 1 | ||
| 952 | |0 0 |1 0 |4 0 |6 M5512 |7 1 |9 51853 |a Arxiu |b Arxiu |d 2016-12-01 |l 0 |o M-5-512 |p 19981 |r 2016-12-01 00:00:00 |w 2016-12-01 |y ARXIU | ||
| 999 | |c 55699 |d 55699 | ||